Damso - Tracklist BĒYĀH - Statistiques

Statistiques générales
  • Ce quiz a été pris 561 fois
  • Le résultat moyen est 11 sur 15
Statistiques - réponses
Titre % Correct
1 Impardonnable
96%
9 Frère
84%
15 KAKI
83%
2 JCVDEMS
82%
4 Pa Pa Paw
82%
3 Love is blind
81%
10 VIE OLENCE
77%
5 Magic
75%
12 Police
69%
6 Wolof
63%
13 Fibonacci
62%
7 Qui m'a demandé
62%
14 MAMILĀH
61%
8 YA TENGO SENTIMIENTOS
58%
11 T'es mon DEL
57%
Aucun quiz correspondant
Distribution des résultats
% des personnes avec chaque résultat
Percentile par nombre de réponses
Votre historique - résultats
Vous n’avez pas pris ce quiz